header

Goa, and the blue mountains, or, Six months of sick leave (Record no. 203)

MARC details
000 -LEADER
fixed length control field 01584pam a2200373Ia 4500
082 04 - DEWEY DECIMAL CLASSIFICATION NUMBER
Classification number 954
100 1# - MAIN ENTRY--AUTHOR NAME
Personal name Burton, Richard Francis,
245 10 - TITLE STATEMENT
Title Goa, and the blue mountains, or, Six months of sick leave
260 ## - PUBLICATION, DISTRIBUTION, ETC. (IMPRINT)
Place of publication Santa Barbara, Calif. :
Name of publisher Narrative Press,
Year of publication 2001.
300 ## - PHYSICAL DESCRIPTION
Number of Pages 255 p.
500 ## - GENERAL NOTE
General note Originally published: London : R. Bentley, 1851.
856 40 - ELECTRONIC LOCATION AND ACCESS
Uniform Resource Identifier http://site.ebrary.com/lib/rucke/Doc?id=5003611

No items available.

© 2026 Rongo University
Contact us: librarian | system librarian | Rongo university